Central Library OPAC University of Rajshahi

Show me Microsoft Office PowerPoint 2003 / (Record no. 77349)

MARC details
000 -LEADER
fixed length control field 00923nam a2200301 a 4500
001 - CONTROL NUMBER
control field 77349
003 - CONTROL NUMBER IDENTIFIER
rucl marc code BD-RjUL
005 - DATE AND TIME OF LATEST TRANSACTION
control field 20211209082948.0
008 - FIXED-LENGTH DATA ELEMENTS--GENERAL INFORMATION
fixed length control field 200316s2003 xxua 001 0 eng d
020 ## - INTERNATIONAL STANDARD BOOK NUMBER
International Standard Book Number 078973009X (pbk.)
035 ## - SYSTEM CONTROL NUMBER
System control number (BD-RjUL)
040 ## - CATALOGING SOURCE
Original cataloging agency StDuBDS
Transcribing agency StDuBDS
Modifying agency Uk
-- CStRLIN
-- DLC
-- BD-RjUL
Language of cataloging eng
041 ## - LANGUAGE CODE
Language code of text/sound track or separate title eng
042 ## - AUTHENTICATION CODE
Authentication code lccopycat
082 00 - DEWEY DECIMAL CLASSIFICATION NUMBER
Classification number 006.6
Edition number 22
Author mark and year JOS 2003
100 1# - MAIN ENTRY--PERSONAL NAME
Personal name Johnson, Steve,
Dates associated with a name 1961-
9 (RLIN) 240984
245 10 - TITLE STATEMENT
Title Show me Microsoft Office PowerPoint 2003 /
Statement of responsibility, etc. Steve Johnson.
246 3# - VARYING FORM OF TITLE
Title proper/short title Microsoft Office PowerPoint 2003
260 ## - PUBLICATION, DISTRIBUTION, ETC. (IMPRINT)
Place of publication, distribution, etc. Indianapolis, Ind. :
Name of publisher, distributor, etc. Que ;
Place of publication, distribution, etc. London :
Name of publisher, distributor, etc. Pearson Education,
Date of publication, distribution, etc. 2003.
300 ## - PHYSICAL DESCRIPTION
Pagination xvi, 412 p. :
Illustrations ill. ;
Size 24 cm.
500 ## - GENERAL NOTE
General note Includes index.
650 #0 - SUBJECT ADDED ENTRY--TOPICAL TERM
Topical term or geographic name as entry element Presentation graphics software.
9 (RLIN) 240985
710 2# - ADDED ENTRY--CORPORATE NAME
Corporate name or jurisdiction name as entry element Perspection, Inc.
9 (RLIN) 240986
942 ## - ADDED ENTRY ELEMENTS (KOHA)
Source of classification or shelving scheme Dewey Decimal Classification
Koha item type Books
Holdings
Lost status Source of classification or shelving scheme Damaged status Not for loan Permanent Location Current Location Shelving location Date acquired Source of acquisition Cost, normal purchase price Total Checkouts Full call number Date last seen Copy number Koha item type
  Dewey Decimal Classification   Not For Loan Central Library, University of Rajshahi Central Library, University of Rajshahi Reading Room 03/03/2020 American Center Library, Dhaka 19.99   006.6 JOS 2003 16/03/2020 C-1 Books